| 000 | 00478nam a22001217a 4500 | ||
|---|---|---|---|
| 082 | _a220 PRO | ||
| 100 |
_aGC Muhammad Qasim Ali Khan GC Ehsan Danish Abbasi GC Shehryar _971853 |
||
| 245 | _aPR-SOF-1679-Development of DDS-PAK Scanners for Land Rover Defender and Andriod Application using wireless communication | ||
| 260 |
_aISLAMABAD _bNUST COLLEGE OF EME _c2018 |
||
| 650 | _aDE-MTS-36 | ||
| 700 |
_aSupervised by Brig. Dr. Javaid Iqbal Col Nasir Rashid _971854 |
||
| 942 | _cCR | ||
| 999 |
_c578145 _d578145 |
||